000 00411nam a22001577a 4500
999 _c11917
_d11917
008 210623b ||||| |||| 00| 0 eng d
020 _a9788126530908
082 _a620.1123
_bNAG
100 _aNag, Debabrata
245 _aMechanical vibrations
260 _aNew Delhi
_bWiley India Pvt. Ltd.
_c2017
300 _axiii,658p.
650 _aVibration--Statistical methods
650 _aVibration
942 _cBK